000 00604nam a22002057a 4500
003 OSt
005 20140310182826.0
008 130528t xxu||||| |||| 00| 0 eng d
020 _a9789712720932
050 _aJQ 1406
_b.B515 2008
082 _aFIL 959.9024
_bB515 2008
245 _aBefore Gringo :
_bhistory of the Philippine military /
_cBerlin, Donald Lane
260 _aManila
_bPublished and exclusively distributed by Anvil
_cc2008
300 _a155 p.
_b ill.
_c 23 cm.
521 _acollege students
526 _c1210L-1700L
541 _j1
562 _e1
942 _2lcc
_cBK
_kFIL
999 _c16484
_d16484